Ubongo! Lines (Záznam č. 34196)
| 000 -Návěští | |
|---|---|
| Řídící pole kódované 24B | 01359nrm a2200253 i 4500 |
| 001 - Kontrolní číslo | |
| Řídící pole proměnné | BR3171000001190058 |
| 005 - Datum posledního zpracování | |
| Řídící pole 16B | 20260420112152.0 |
| 008 - Údaje pevné délky | |
| Řídící pole kódované 40B | 260420t20152012gw | || gnzxx|| |
| 024 ## - Jiná standardní čísla | |
| Zdroj čísla nebo kódu | EAN |
| Dostupnost | 859022810835 |
| 040 ## - Zdroj katalogizace-agentura | |
| Agentura původní katalogizace | ABG508 |
| Jazyk katalogizace | cze |
| Použitá pravidla popisu | rda |
| 100 1# - Hlavní záhlaví - osobní jméno autora | |
| Osobní jméno | Rejchtman, Grzegorz |
| Kód role | aut |
| 9 (RLIN) | 6369 |
| 245 10 - Údaje o názvu | |
| Název | Ubongo! Lines |
| Údaj o odpovědností, atd. | Grzegorz Rejchtman |
| 260 ## - Nakladatelské údaje | |
| Jméno nakladatele | Albi |
| datum vydání | 2025 |
| 300 ## - Fyzický popis | |
| Rozsah | 1 hra |
| 500 ## - Všeobecná poznámka | |
| Text obecné poznámky | Pro 1 - 4 hráče |
| 500 ## - Všeobecná poznámka | |
| Text obecné poznámky | Vhodné od 8 let |
| 500 ## - Všeobecná poznámka | |
| Text obecné poznámky | Doba trvání: 25min |
| 520 ## - Anotace | |
| Anotace, atd. | Rodinná hra Ubongo v nové variantě s obdélníkovými trojrozměrnými dílky, 324 zadáními a čtyřmi stupni obtížnosti.<br/><br/>Světový bestseller v další variantě! Obdélníkové trojrozměrné dílky nabízí nový herní zážitek. Každý hráč má svoji barevnou sadu dílků, se kterými sestavuje tvar vyobrazený na kartě a za odměnu získává diamanty.<br/><br/>Ubongo Lines! obsahuje 324 zadání se 4 úrovněmi obtížnosti, má velmi jednoduchá pravidla (která se naučíte za 3 minuty) a rozvíjí prostorovou představivost. |
| 653 ## - Rejstříkový termín - volně tvořený | |
| Volně tvořený termín | společenské hry |
| -- | logické hry |
| -- | rodinné hry |
| -- | myšlení |
| -- | postřeh |
| -- | od 7 let |
| 655 #4 - Rejstříkový termín - žánr/forma | |
| Žánr/forma či základní termín | deskové hry |
| -- | 3815 |
| 856 ## - Elektronická adresa umístění a přístupu | |
| Bližší určení dokumentu | Pravidla hry |
| Adresa elektronického zdroje | <a href="https://www.knihovna.roztoky.cz/cgi-bin/koha/opac-retrieve-file.pl?id=b0e8f3363f63b935cae505cac40f2a53">https://www.knihovna.roztoky.cz/cgi-bin/koha/opac-retrieve-file.pl?id=b0e8f3363f63b935cae505cac40f2a53</a> |
| 910 ## - Údaje o vlastníkovi jednotky (exempláře) | |
| Sigla vlastníka jednotky | ABG508 |
| Stav ztráty | Zdroj klasifikace pro skladování | Stav poškození |
|---|---|---|
| Universal Decimal Classification |